000 00506nam a22001817a 4500
003 OSt
005 20241119100522.0
008 241119s2017 ag ||||| |||| 00| 1 spa d
020 _a9789874254016
040 _cbesoc
100 1 0 _aMéndez, María Lorena,
_eautor
245 1 3 _aLa loba /
_cLorena Méndez
250 _a2a ed.
260 _aRosario :
_bMaría Lorena Méndez,
_c2017
300 _a42 p.
650 4 _aLiteratura argentina
_vCuentos
_ySiglo XXI
_xColección infantil y juvenil
942 _2udc
_cOG
_n0
999 _c380
_d380